| 000 | 01197cam a2200277 i 4500 | ||
|---|---|---|---|
| 003 | SA-RiAUC | ||
| 005 | 20250612052638.0 | ||
| 008 | 250605s1988 su g b 00000 ara c | ||
| 040 |
_aSA-RiAUC _bara _cSA-RiAUC _erda |
||
| 043 | _aa-su--- | ||
| 082 | 0 | 4 | _a953.123 |
| 090 |
_a953.123 _bا ب ن ف |
||
| 100 | 1 |
_aابن فرج، عبد القادر بن أحمد بن محمد، _dتوفي 1010 هجري _eمؤلف. |
|
| 245 | 1 | 2 |
_aالسلاح والعدة في تاريخ جدة / _cتأليف عبد القادر بن أحمد بن محمد بن فرج الجدي الحجازي ؛ تحقيق وتقديم مصطفى الحدري. |
| 250 | _aالطبعة الأولى. | ||
| 264 | 1 |
_aالمدينة المنورة : _bمكتبة دار التراث، _c1988 |
|
| 300 |
_a126 صفحة ؛ _c24 سم |
||
| 336 |
_aنص _btxt _2rdacontent _3كتاب |
||
| 337 |
_aبدون وسيط _bn _2rdamedia |
||
| 338 |
_aمجلد _bnc _2rdacarrier |
||
| 504 | _aببليوجرافية : صفحة 121-124. | ||
| 651 | 7 |
_aجدة (السعودية) _xتاريخ _2aucsh |
|
| 700 | 1 |
_aالحدري، مصطفى، _d1945-1994 _eمحقق. |
|
| 942 |
_2ddc _cBOOK _n0 |
||
| 949 |
_aSA-JeALM _d250605 _umohamedma123 _n1 |
||
| 999 |
_c8868 _d8868 |
||